| 000 | 00540nam a2200181Ia 4500 | ||
|---|---|---|---|
| 999 |
_c34921 _d34921 |
||
| 003 | OSt | ||
| 005 | 20200201114328.0 | ||
| 008 | 190216s9999||||xx |||||||||||||| ||und|| | ||
| 020 | _a9788121903691 | ||
| 040 | _coclc | ||
| 082 |
_a320.1 _bMAH/P |
||
| 100 |
_a Mahajan, Vidya Dhar _91752 |
||
| 245 | 0 |
_aPolitical Theory : _bPrinciples Of Political Science / _cVidya Dhar Mahajan |
|
| 260 |
_bS Chand & Co, _c2013. _aNew Delhi: |
||
| 300 | _a825p | ||
| 650 | _aPolitics | ||
| 942 |
_cBK _2ddc _h320.1 _iMAH/P _k320.1 _mMAH/P |
||